000 00758nam a2200265Ia 4500
003 OSt
005 20221005022548.0
006 a|||||r|||| 00| 0
007 ta
008 221004b |||||||| |||| 00| 0 eng d
024 _a30504
037 _cTextual
040 _aCRL
_cCRL
_beng
041 _2eng
_aeng
082 _aM242:N54, J4.2
100 _aNatarajan J Ed.
_9578233
110 _aIndia,press commission.
245 0 _aReport of the press commission Part II History of Indian journalism
260 _aAmbala
_bPress commission
_c1954
300 _a287
_ccm.
650 _aINDUSTRIAL ARTS
700 _aIndia,press commission.
942 _hM242:N54, J4.2
_cTEXL
_2cc
999 _c929623
_d929623